Sustaining agriculture in developing countries : through partnerships for technology transfer.
Guardado en:
| Autor Corporativo: | |
|---|---|
| Formato: | Libro |
| Idioma: | English |
| Publicado: |
Swindon :
AFRC,
1993.
|
| Etiquetas: |
Agregar Etiqueta
Sin Etiquetas, Sea el primero en etiquetar este registro!
|
| LEADER | 00534nam a22001575a 4500 | ||
|---|---|---|---|
| 001 | EEA.libagro005407 | ||
| 005 | 20180629112254.0 | ||
| 008 | 130809s1993####xxka##########000#0#eng#d | ||
| 082 | 0 | 4 | |a 639.9 |
| 082 | 0 | 4 | |a 338.18 |
| 082 | 0 | 4 | |a 338.926 |
| 245 | 1 | 0 | |a Sustaining agriculture in developing countries : |b through partnerships for technology transfer. |
| 260 | |a Swindon : |b AFRC, |c 1993. | ||
| 300 | |a 24 p. : |b il. ; |c 30 cm. | ||
| 710 | 2 | |a Agricultural and Food Research Council (Gran Bretaña) | |
| 859 | |a AR-BbBCA |b BIB. AGRONOMIA |h 639.9 |i A258 |p 1996/2721 | ||
